000
00281nam a2200133Ia 4500
100
_a
Timoshenko Stephen
942
_c
BK
654
_a
Mechanics
245
_a
Engineering Mechanics
260
_b
McGraw Hill
_a
Tokyo
_c
1956
082
_a
620.1
300
_a
478
546
_a
ENGLISH
999
_c
19005
_d
19005